000 00832nam a22002057a 4500
999 _c20771
_d20771
003 AR-CdUCM
008 190605b ||||| |||| 00| 0 spa d
040 _aMUNICIPALIDAD PROVINCIAL DEL CUSCO
_cBIBLIOTECA MUNICIPAL DEL CUSCO
082 _a657.92 /
_bS18
_23ed.
100 _aSalvador Claudio, Eugenio
_943380
245 _aContabilidad de sociedades mercantiles :
_bTeoría y práctica /
260 _aLima :
_bImpr. Editores tipo Offset de J. Zavaleta,
_c1977.
300 _a401 páginas;
_c24 cm.
505 _aContenido: Nueva ley de revaluación del activo fijo -- Contabilidad de sociedades mercantiles -- Aumento y disminución del capital social ejemplos prácticos...
650 _aBalance
_943381
650 _aCapital social
_925197
650 _aMercantilismo
_932923
942 _2ddc
_cLIBROS
945 _aJavier